| 000 | 00550nam a2200181 a 4500 | ||
|---|---|---|---|
| 001 | 001088994 | ||
| 003 | AM-YeHGA | ||
| 005 | 20250617151446.0 | ||
| 008 | 150624s1953 ||| r 000 0 rus d | ||
| 040 | _aAM-YeHGA | ||
| 041 | 0 | _arus | |
| 100 | 1 | _aНазаров, Иван Абрамович | |
| 245 | 1 | 0 |
_aИзбранное / _cИван Назаров. |
| 260 |
_aВладимир : _bВладимирское обл. изд-во, _c1953. |
||
| 300 | _a140 с. | ||
| 650 | 1 | 4 |
_aРусская литература _xСтихи |
| 090 | _c353643 | ||
| 999 |
_c351830 _d351830 |
||